000 00492nam a22001577a 4500
082 _aBSCS-1 HAM
100 _aHamza Zafar
_992437
245 _aMPJ express runtime for hadoop yarn
260 _aIslamabad
_bNUST-SEECS
_c2015
300 _a51p.
_eSoftcopy present
500 _aSupervisors:Dr. Aamir Shafi, Dr. Asad Waqar Malik
700 _aSaad Hussain Syed
_992438
700 _aM. Nouman Shahzad
_992439
856 _uhttp://10.250.8.41:8080/xmlui/handle/123456789/8870
942 _cPR
_2ddc
999 _c13292
_d13292